Poquelin contre Molière : Un duel à mort (notice n° 2106729)
[ vue normale ]
| 000 -LEADER | |
|---|---|
| fixed length control field | 01444cam a2200133 4500500 |
| 005 - DATE AND TIME OF LATEST TRANSACTION | |
| control field | 20260405013620.0 |
| 041 ## - LANGUAGE CODE | |
| Language code of text/sound track or separate title | fre |
| 042 ## - AUTHENTICATION CODE | |
| Authentication code | dc |
| 100 10 - MAIN ENTRY--PERSONAL NAME | |
| Personal name | Huster, Francis |
| Relator term | author |
| 245 00 - TITLE STATEMENT | |
| Title | Poquelin contre Molière : Un duel à mort |
| 260 ## - PUBLICATION, DISTRIBUTION, ETC. | |
| Name of publisher, distributor, etc. | Armand Colin,<br/> |
| Date of publication, distribution, etc. | 2021.<br/> |
| 520 ## - SUMMARY, ETC. | |
| Summary, etc. | Janvier 2022 : Molière aurait eu 400 ans. Molière ou Jean-Baptiste Poquelin ?Il y a celui qui écrit et celui qui joue. Le premier se met à nu pour divertir le public, il se sert de sa propre vie pour l’offrir en sacrifice sur l’autel de sa passion : le théâtre. Le second est un chef de troupe et un comédien qui, sous le masque d’Harpagon, de Jourdain ou d’Arnolphe, sert l’auteur par son jeu et par sa passion pour la scène.Ces deux faces d’un même homme qui n’est qu’une seule légende s’affrontent à travers ce dialogue éblouissant que signe Francis Huster. Au-delà de savoir qui en sortira vainqueur et passera à la postérité, ce duel imaginé et qui sonne pourtant si vrai nous offre une belle réflexion sur l’auteur, le comédien, le théâtre sans oublier le quatrième mur : le public !Cet ouvrage s’adresse à tous les passionnés de Molière et à tous ceux qui auront la curiosité de connaître le point de vue original de Francis Huster sur Poquelin et son double de théâtre. |
| 856 41 - ELECTRONIC LOCATION AND ACCESS | |
| Uniform Resource Identifier | <a href="https://shs.cairn.info/poquelin-contre-moliere--9782200625986?lang=fr&redirect-ssocas=7080">https://shs.cairn.info/poquelin-contre-moliere--9782200625986?lang=fr&redirect-ssocas=7080</a> |
Pas d'exemplaire disponible.




Réseaux sociaux